| 000 | 00697nam a22001817a 4500 | ||
|---|---|---|---|
| 005 | 20251108171957.0 | ||
| 008 | 250721s1985 xx 000 0 ara d | ||
| 082 | 1 | 4 | _a615.89/عبد |
| 100 | 1 | _aالسعيد، عبد الله عبد الرازق مسعود | |
| 245 | 1 | 0 |
_aالعسل شراب مختلف ألوانه فيه شفاء للناس : _bشراب مختلف ألوانه فيه شفاء للناس / |
| 264 | 1 |
_aعمان : _bدار الضياء للنشر و التوزيع، _c1985. |
|
| 300 | _a137ص | ||
| 490 | 0 | _aمن الإعجاز الطبي في القرآن الكريم | |
| 650 | 1 | 7 | _aالطب الشعبي |
| 650 | 1 | 7 | _aالعسل |
| 942 |
_2ddc _cBK |
||
| 999 |
_c67381 _d67381 |
||